000 00352nam a2200133Ia 4500
003 GCL
008 140319s9999 xx 000 0 ara d
040 _aGCL /
_cGCL
082 0 4 _a257.3
_bا ا
245 1 0 _aالاستثمار فى الاقتصاد الاسلامى
260 _a[S.N] :
_bمكتبة مدبولى ،
_c1991
300 _a424
490 _a
999 _c54915
_d54915